Statystyki dla Quiz o Pakistanie

Kliknij tutaj aby rozwiązać quiz!

Ogólne statystyki

  • Ten quiz został rozwiązany 2 237 razy
  • Średni wynik to 9 z 22

Statystyki odpowiedzi

WskazówkaOdpowiedź% Poprawnych
StolicaIslamabad
88%
Druga najwyższa góra na świecie,
na granicy z Chinami
K2
72%
Dwa obiekty widoczne na fladzePółksiężyc
70%
Języki urzędoweAngielski
64%
Dwa obiekty widoczne na fladzeGwiazda
64%
Państwo niegdyś znane jako
Pakistan Wschodni
Bangladesz
58%
Jedyne państwo z większą liczbą
Muzułmanów niż Pakistan
Indonezja
58%
Najpopularniejszy sportKrykiet
57%
Dwa najbardziej zaludnione miastaKaraczi
53%
Pakistan leży nad tym morzemMorze Arabskie
48%
Najdłuższa rzeka - miejsce
starożytnej cywilizacji
Indus
47%
Języki urzędoweUrdu
29%
Dwa najbardziej zaludnione miastaLahaur
24%
Najczęściej używane językiPaszto
24%
Narodowe zwierzę Pakistanu to
markur śruborogi, jest to gatunek...
Kozy
18%
Najczęściej używane nazwisko rodowe
(Podpowiedź: zaczyna się na K)
Khan
16%
Sport narodowyHokej na trawie
15%
Najczęściej używane językiPendżabski
15%
Jedyna kobieta premierBenazir Bhutto
13%
Stolica prowincji Beludżystan
(zaczyna się na K)
Kweta
13%
Kwiat narodowy (Podpowiedź: jest biały)Jaśmin
8%
Założyciel PakistanuMuhammad Ali
Jinnah
7%

Rozkład punktacji

Percentyl według liczby udzielonych odpowiedzi

Procent ludzi z każdym wynikiem

Twoja historia wyników

Nie rozwiązałeś tego quizu